| 000 | 00892nam a22002057a 4500 | ||
|---|---|---|---|
| 999 |
_c2345 _d2345 |
||
| 003 | AR-CdUCM | ||
| 008 | 190304b ||||| |||| 00| 0 spa d | ||
| 040 |
_aMUNICIPALIDAD PROVINCIAL DEL CUSCO _cBIBLIOTECA MUNICIPAL DEL CUSCO |
||
| 082 |
_a345.7 / _bV34 |
||
| 100 |
_aVásquez Campos, José _98446 |
||
| 245 |
_aProceso abreviado : _bdoctrina y modelos / |
||
| 260 |
_aLima : _bEdiciones juridicas, _c1997. |
||
| 300 |
_a330 páginas ; _c21 cm. |
||
| 505 | _aContenido: Proceso abreviado -- Retracto -- Títulos supletorio, prescripción adquisitiva y rectificación o delimitación del área o linderos -- Impugnación de acto o resolución administrativa -- Los actos administrativos -- El control administrativo los recursos administrativos ... | ||
| 650 |
_aAspectos jurídicos _95026 |
||
| 650 |
_aDoctrina _91208 |
||
| 650 |
_aAbreviado _98447 |
||
| 942 |
_2ddc _cLIBROS |
||
| 945 | _azta | ||